| 000 | 00447cam a22001337a 4500 | ||
|---|---|---|---|
| 008 | 180718b1974 xxu||||| |||| 00| 0 eng d | ||
| 082 | _aZ463x54 T952 | ||
| 100 | _aTyagi, D.S. | ||
| 245 |
_aFarmer's response to agricultural prices in India: a study in decision making _cby D.S. Tyagi |
||
| 260 |
_aDelhi _bHeritage Pub. _c1974 |
||
| 300 | _a239p. | ||
| 650 | _aAgriculture --Research --India --Uttar Pradesh | ||
| 650 | _aAgricultural prices --India | ||
| 999 |
_c355856 _d355856 |
||